000
00308 a2200133 4500
001
154248
040
_c
Escola São Tomás de Aquino
240
1
0
_a
Os pré-socráticos
_l
por
245
1
0
_a
Os pré-socráticos
362
0
_a
1991
440
1
_a
Nova cultural
697
_a
FILOSOFIA E PSICOLOGIA
942
_c
BK
999
_c
154248
_d
154248